[Event "Wch U18"]
[Site "Mamaia"]
[Date "2022.09.07"]
[Round "2"]
[White "Babazada, Khazar Araz"]
[Black "Oye Stromberg, Alexander"]
[Result "1-0"]
[WhiteElo "2461"]
[BlackElo "2284"]
[PlyCount "91"]
[EventDate "2022.09.06"]
[EventType "swiss"]
[EventRounds "11"]
[EventCountry "ROU"]
[SourceTitle "CBM 210 Extra"]
[Source "ChessBase"]
[SourceDate "2022.11.30"]
[SourceVersion "1"]
[SourceVersionDate "2022.11.30"]
[SourceQuality "1"]

1. e4 c5 2. Nf3 Nc6 3. Bb5 g6 4. 0-0 Bg7 5. Re1 Nf6 6. Nc3 0-0 7. Bxc6 dxc6 8. d3 Qc7 9. Be3 b6 10. h3 Rd8 11. Qc1 Nd7 12. a3 Nf8 13. Bh6 e5 14. b4 Ne6 15. Bxg7 Kxg7 16. bxc5 bxc5 17. Nd1 f6 18. Ne3 Rb8 19. Qd2 Nd4 20. Nh2 h5 21. Qc3 Qe7 22. Nhf1 Be6 23. Nd2 Rb7 24. Ndc4 Rdb8 25. Kh2 Qc7 26. Rf1 h4 27. Qd2 g5 28. Rfc1 Qd7 29. Qd1 Qc7 30. Rab1 Rxb1 31. Rxb1 Rxb1 32. Qxb1 Kg6 33. a4 Bc8 34. Qa2 Qb8 35. Qa1 Be6 36. Qe1 Bxc4 37. Nxc4 Nxc2 38. Qa5 Nd4 39. Qxc5 Ne2 40. Qxc6 a6 41. Ne3 Nd4 42. Qxa6 Qd8 43. Ng4 Kg7 44. a5 Ne2 45. Qb7+ Kg6 46. Qb6 1-0

[Event "Riga Tech Rapid op"]
[Site "Riga"]
[Date "2022.08.14"]
[Round "6"]
[White "Oye Stromberg, Alexander"]
[Black "Libensons, Julijs"]
[Result "1-0"]
[WhiteElo "2332"]
[BlackElo "1592"]
[PlyCount "67"]
[EventDate "2022.08.14"]
[EventType "swiss (rapid)"]
[EventRounds "9"]
[EventCountry "LAT"]
[SourceTitle "CBM 209 Extra"]
[Source "ChessBase"]
[SourceDate "2022.09.30"]
[SourceVersion "1"]
[SourceVersionDate "2022.09.30"]
[SourceQuality "1"]

1. e4 Nc6 2. Nf3 d5 3. e5 Bf5 4. d4 e6 5. c3 Qd7 6. Be2 f6 7. Bf4 Nge7 8. Nbd2 Ng6 9. Bg3 fxe5 10. Nxe5 Ncxe5 11. dxe5 Bc5 12. 0-0 0-0 13. a4 a5 14. Nb3 Bb6 15. Nd4 Ne7 16. c4 Rad8 17. cxd5 Qxd5 18. Nxf5 Nxf5 19. Bf3 Qc4 20. Qc1 Qxc1 21. Raxc1 Rd2 22. b3 Nd4 23. Bg4 Ne2+ 24. Bxe2 Rxe2 25. Rcd1 g5 26. Rd3 h5 27. h4 gxh4 28. Bxh4 Rxe5 29. Kh2 Rd5 30. Rg3+ Kf7 31. Re1 Bxf2 32. Rf3+ Rf5 33. Rxf5+ exf5 34. Bxf2 1-0

[Event "Riga Tech Rapid op"]
[Site "Riga"]
[Date "2022.08.14"]
[Round "7"]
[White "Oye Stromberg, Alexander"]
[Black "Sarkar, Justin"]
[Result "1-0"]
[WhiteElo "2332"]
[BlackElo "2352"]
[PlyCount "47"]
[EventDate "2022.08.14"]
[EventType "swiss (rapid)"]
[EventRounds "9"]
[EventCountry "LAT"]
[SourceTitle "CBM 209 Extra"]
[Source "ChessBase"]
[SourceDate "2022.09.30"]
[SourceVersion "1"]
[SourceVersionDate "2022.09.30"]
[SourceQuality "1"]

1. d4 Nf6 2. c4 e6 3. Nc3 Bb4 4. Qc2 c5 5. dxc5 0-0 6. a3 Bxc5 7. Nf3 b6 8. Bf4 Bb7 9. e4 Nh5 10. Bg5 f6 11. Bd2 f5 12. 0-0-0 Nc6 13. exf5 Rxf5 14. Bd3 Rxf3 15. Bxh7+ Kh8 16. gxf3 Nd4 17. Qg6 Bxf3 18. Rhg1 Qf8 19. Ne4 Nf4 20. Bxf4 Qxf4+ 21. Kb1 Nf5 22. Ng5 Rf8 23. Rxd7 Be4+ 24. Ka1 1-0

[Event "Titled Tuesday intern op 09th Aug Early"]
[Site "Chess.com INT"]
[Date "2022.08.09"]
[Round "3"]
[White "Ajay, Karthikeyan"]
[Black "Oye Stromberg, Alexander"]
[Result "0-1"]
[WhiteElo "2422"]
[BlackElo "2332"]
[PlyCount "72"]
[EventDate "2022.08.09"]
[EventType "swiss (blitz)"]
[EventRounds "11"]
[EventCountry "USA"]
[SourceTitle "EXT 2023"]
[Source "ChessBase"]
[SourceDate "2022.10.05"]
[SourceVersion "1"]
[SourceVersionDate "2022.10.05"]
[SourceQuality "1"]

1. b3 e5 2. Bb2 Nc6 3. e3 d5 4. Bb5 Nge7 5. Bxe5 a6 6. Bxc6+ Nxc6 7. Bb2 Qg5 8. g3 Bg4 9. f3 Be6 10. f4 Qg6 11. Nf3 0-0-0 12. 0-0 h5 13. Nh4 Qh6 14. f5 Bd7 15. Nc3 d4 16. exd4 Nxd4 17. Ne2 Nxe2+ 18. Qxe2 Bb5 19. c4 Bc5+ 20. d4 Rxd4 21. Bxd4 Bxd4+ 22. Kg2 Bc6+ 23. Kh3 Bxa1 24. Rxa1 g5 25. fxg6 fxg6 26. Rd1 g5 27. Nf3 Bxf3 28. Qe5 g4+ 29. Kh4 Bxd1 30. Qxh8+ Qxh8 31. Kg5 Qg7+ 32. Kh4 Bc2 33. c5 Qf6+ 34. Kxh5 Qg6+ 35. Kh4 Bf5 36. h3 Qh6# 0-1

[Event "Titled Tuesday intern op 09th Aug Early"]
[Site "Chess.com INT"]
[Date "2022.08.09"]
[Round "4"]
[White "Oye Stromberg, Alexander"]
[Black "Madaminov, Mukhiddin"]
[Result "0-1"]
[WhiteElo "2332"]
[BlackElo "2408"]
[PlyCount "60"]
[EventDate "2022.08.09"]
[EventType "swiss (blitz)"]
[EventRounds "11"]
[EventCountry "USA"]
[SourceTitle "EXT 2023"]
[Source "ChessBase"]
[SourceDate "2022.10.05"]
[SourceVersion "1"]
[SourceVersionDate "2022.10.05"]
[SourceQuality "1"]

1. d4 Nf6 2. c4 g6 3. Nc3 d5 4. cxd5 Nxd5 5. e4 Nxc3 6. bxc3 Bg7 7. Bc4 c5 8. Ne2 Nc6 9. Be3 0-0 10. Rc1 b6 11. h4 h5 12. Qd2 Bb7 13. g4 cxd4 14. cxd4 hxg4 15. h5 Na5 16. Bd3 f5 17. hxg6 fxe4 18. Rh7 Rf6 19. Bh6 Rxg6 20. Rxg7+ Rxg7 21. Bxg7 exd3 22. Be5 Kf7 23. Qg5 Qg8 24. Qf5+ Ke8 25. Nf4 Qxa2 26. Rc7 d2+ 27. Ke2 Bf3+ 28. Ke3 d1N+ 29. Kd3 Qb1+ 30. Kd2 Qxf5 0-1